Nonlinear oscillations in biology and chemistry

Saved in:
Bibliographic Details
Main Author: Othmer, H. G (Author)
Format: Book
Language:English
Published: Berlín Springer-Verlag 1986
Series:Lecture Notes in Biomathematics, 66
Subjects:
Tags: Add Tag
No Tags, Be the first to tag this record!

MARC

LEADER 00000nam a2200000 a 4500
001 UCS0942
003 CL-VaPUC
005 20230112074259.0
008 970428e19860000gw 1 eng d
082 0 4 |a 570.15195  |b OTH  |2 21 
100 1 |a Othmer, H. G  |e author  |9 618405 
245 1 0 |a Nonlinear oscillations in biology and chemistry 
260 |a Berlín  |b Springer-Verlag  |c 1986 
300 |a 289 p 
490 0 |a Lecture Notes in Biomathematics, 66 
583 |a last modification  |c 19970428 00:00:00  |k Rodrigo Vera 
650 0 7 |a BIOMATEMATICAS  |2 CL-VaPUC  |9 260148 
650 0 7 |a OSCILACIONES NO LINEALES  |2 CL-VaPUC  |9 407392 
650 0 0 |a Biología  |9 262022 
650 0 0 |a Química  |9 259896 
650 0 7 |a NEUROFISIOLOGIA  |2 CL-VaPUC  |9 618406 
650 0 7 |a METODOS MATEMATICOS  |2 CL-VaPUC  |9 354952 
650 0 0 |a Congresos  |9 257560 
942 |c BK 
945 |a rleighto  |d 19970428 00:00:00 
546 |a En Inglés 
518 |p Proceedings of a meeting held at the University of Utah, Utah, May 9-11, 1985 
999 |c 382936  |d 382934